La Evaluacion Ambiental de Planes y Programas

Bibliographic Details
Main Author: Merino ℓvila, Pablo
Format: eBook
Language:Spanish
Published: Madrid : Dykinson, 2011
Subjects:
Online Access:Acceso restringido

MARC

LEADER 00000nam a22000007a 4500
005 20111212112720.0
007 cr|||| ||||
008 111212s2011 sp |||||s|||| 00||0 spa d
020 |a 78-84-9982-113-9 
035 |a 5898 
040 |a vLex 
090 |c 2817  |d 2817 
100 1 |a Merino ℓvila, Pablo 
245 1 3 |a La Evaluacion Ambiental de Planes y Programas  |h [Recurso electrn̤ico] /  |c Pablo Merino ℓvila  
256 |a Servicio en ln̕ea 
260 |a Madrid :  |b Dykinson,  |c 2011 
300 |a 1 recurso electrn̤ico 
500 |a La evaluacin̤ ambiental de planes y programas se concibe como un instrumento para la toma de decisiones, adoptando la forma de un procedimiento dirigido a integrar las consideraciones medioambientales en los niveles elevados de la planificacin̤. En general, hay un mayoritario consenso en torno a concebir la evaluacin̤ ambiental de los planes y programas como algo mucho ms̀ all ̀de la mera elaboracin̤ de un informe de sostenibilidad ambiental. El acento se pone en el třmino “procedimiento” participativo y transparente, previo a la toma de decisiones, al objeto de facilitar la integracin̤ de las consideraciones ambientales en el desarrollo del plan o programa.  
506 |a Contenido solo disponible en los productos indicados  |d vLex Global   |d vLex Global (Academic Edition, excluding Law Schools)   |d vLex Global (U.S. Academic Edition, Law Schools)   |d vLex Global (U.S. Academic Edition, excluding Law Schools)   |d vLex Global (Academic Edition, Law Schools)  
650 0 4 |a Medio ambiente 
650 0 4 |a Derecho pb︢lico 
740 0 |a vLex Libros (Servicio en ln̕ea) 
856 4 0 |u http://libros-revistas-derecho.vlex.es/source/evaluacion-ambiental-planes-programas-5898  |z Acceso restringido 
942 |c BOOK 
999 0 |a Public law 
999 0 |a Environment